000
00290nam a22001337a 4500
008
170717b xxu||||| |||| 00| 0 eng d
020
_a
9780823214785
041
_a
eng
080
_a
2
100
_a
24
101
_a
TEO
245
_a
THE CATHOLIC REFORMATION
_c
OLIN,J,C
942
_2
udc
_c
BK
999
_c
21277
_d
21277